00924nam a2200241 i 45000010005000000030009000050050017000140070003000310080041000340200018000750800014000931000035001072450122001422600037002643000030003014900043003316510061003747000037004358300051004728520022005239990015005459520122005608756ES-MaACL20230906145525.0t|920924s1991 sp a |||| | spa d a84-206-2672-4 a9(51)"16"1 aCortes, Adriano de las.94084310aViaje de la China / cP. Adriano de las Cortes (S.I.) ; edición, introducción y notas de Beatriz Moncó Rebollo. aMadrid : bAlianza, cD.L. 1991. a362 p. : bil. ; c20 cm.1 aAlianza universidad. Ciencias sociales 4aChina-xDescripción-vObras anteriores a 1800.91669771 aMoncó Rebollo, Beatriz.9821340 aAlianza universidad. Ciencias sociales9178277 aES-MaACLjL-16212 c8756d8756 00104070aATENEOMbATENEOMcDEPO2d2008-01-17eSCl0oL-16212p1008942r2023-02-23 00:00:00w2023-02-23yMONOGRAFIA